01059nam a22002177a 450000500170000000800410001705000220005824001090008024501910018925000110038026000380039130000210042949000500045050400320050050600190053250600130055165000780056465000890064270000360073171000740076720191113124152.0191113b sz ||||| |||| 00| 0 spa d04aRA643.8bI47 200210aImpact of voluntary counselling and testing : a global review of the benefits and challengeslEspañol.00aImpacto del asesoramiento y las pruebas voluntariasc : una revision global de las ventajas y dificultadesb / el presente documento fue escrito por Rachel Baggaley ; traduccion ONUSIDA a1a ed. aGinebra, Suiza :bONUSIDA, c2002 a103 p. ;c30 cm.0 aColección Prácticas Óptimas de ONUSIDA. aBibliografía : p. 84-103. aRec. Pro. Esc. aRevisado 72lembaSIDA (Sindrome de inmunodeficiencia adquirida)xPruebas voluntarias 7aSIDA (Sindrome de inmunodeficiencia adquirida)xPrevenciónzPaíses en desarrollo1 aBaggaley, Rachel, ecolaborador2 aPrograma Conjunto de las Naciones Unidas sobre el VIH/SIDAetraductor